| 000 | 00702nam a22002537a 4500 | ||
|---|---|---|---|
| 003 | 0 | ||
| 005 | 20180723165059.0 | ||
| 008 | 0 | ||
| 010 | _aB-107964 | ||
| 020 |
_c350.00 _a8174964339 |
||
| 035 | _aB-107964, B-107965 | ||
| 037 | _bCen Lib/Ret | ||
| 040 |
_aDPL _bEN _c0 |
||
| 082 |
_a343.0721 _bMIT |
||
| 100 |
_aMittal, D.P. _939149 |
||
| 245 |
_aCompetition law / _cby D.P. Mittal |
||
| 260 |
_aNew Delhi _btaxman allied services _c2003 |
||
| 270 |
_bNew Delhi _a59/32, Nwe Rohtak road _e110005 |
||
| 300 |
_avarious pagings _c23cm(pbk) |
||
| 500 | _aIncludes index | ||
| 650 |
_aLaw _9104 |
||
| 650 |
_aRestraint of trade _939150 |
||
| 942 |
_2ddc _cEN _h343.0721 _mMIT |
||
| 999 |
_c133872 _d133872 |
||